000
00333nam a2200145Ia 4500
008
150201s2007 xx 000 0 und d
082
_a
616.8
_b
N07T
100
_a
THRONHILL,J.T.
245
_a
NMS PSYCHIATRY
250
_a
1ST
260
_b
WOLTER KLUWER
_a
DELHI
_c
2007
300
_a
1-300
650
_a
PSYCHIATRY
942
_2
ddc
_c
BK
_0
3
999
_c
562
_d
562